Villes des Pays-Bas - Carte Quiz - Statistiques

Statistiques générales
  • Ce quiz a été pris 399 fois
  • Le résultat moyen est 5 sur 12
Réponses sur la Carte
Les réponses sont colorées sur une échelle allant du rouge au vert en fonction du pourcentage des utilisateurs qui les ont devinées à leur premier essai. Vous pouvez retrouver ces pourcentages ci-dessous.
 
Statistiques - réponses
Réponse % Correct
Amsterdam
84%
Rotterdam
64%
Groningue
58%
La Haye
53%
Eindhoven
49%
Utrecht
47%
Harlem
40%
Almere
32%
Tilbourg
23%
Leyde
22%
Dordrecht
21%
Heerlen
20%
Aucun quiz correspondant
Distribution des résultats
% des personnes avec chaque résultat
Percentile par nombre de réponses
Votre historique - résultats
Vous n’avez pas pris ce quiz